[Event "TCh-TUR Super League 2015"]
[Site "Kocaeli TUR"]
[Date "2015.08.04"]
[Round "1.1"]
[Board "2"]
[White "Fedorchuk, Sergey A."]
[Black "Ertan, Can"]
[Result "1-0"]
[WhiteTitle "GM"]
[BlackTitle "FM"]
[WhiteElo "2653"]
[BlackElo "2238"]
[WhiteTeam "Kayseri Seker Sports Club"]
[BlackTeam "Calli Sports Club"]
[WhiteFideId "14102536"]
[BlackFideId "6306330"]
[EventDate "2015.08.04"]

1. e4 e5 2. Nf3 Nc6 3. Bb5 a6 4. Ba4 Nf6 5. O-O Be7 6. d3 d6 7. c3 O-O 8. Re1 b5
9. Bc2 d5 10. Nbd2 Be6 11. h3 h6 12. exd5 Qxd5 13. Nf1 Rad8 14. Qe2 Nd7 15. Ng3
f5 16. d4 e4 17. Nxe4 fxe4 18. Bxe4 Qd6 19. Bxc6 Bc4 20. Qxe7 Qxc6 21. Bf4 Bd5
22. Be5 Nf6 23. Bxf6 Rd7 24. Qxd7 Qxd7 25. Re7 Qf5 26. Rxg7+ Kh8 27. Be5 Rf6 28.
Rxc7 Bxf3 29. Rf7 Qxe5 30. dxe5 Rxf7 31. gxf3 1-0

[Event "TCh-TUR Super League 2015"]
[Site "Kocaeli TUR"]
[Date "2015.08.04"]
[Round "1.1"]
[Board "3"]
[White "Burcu, Cagatay"]
[Black "Kanmazalp, Ogulcan"]
[Result "1/2-1/2"]
[BlackTitle "IM"]
[WhiteElo "2178"]
[BlackElo "2468"]
[WhiteTeam "Calli Sports Club"]
[BlackTeam "Kayseri Seker Sports Club"]
[WhiteFideId "6310630"]
[BlackFideId "6304990"]
[EventDate "2015.08.04"]

1. d4 Nf6 2. c4 e6 3. Nf3 d5 4. Nc3 Bb4 5. Bg5 dxc4 6. e4 c5 7. Bxc4 cxd4 8.
Bxf6 Qxf6 9. Qxd4 Qxd4 10. Nxd4 O-O 11. O-O Bd7 12. Rac1 Rc8 13. Be2 Kf8 14.
Rfd1 Bxc3 15. Rxc3 Rxc3 16. bxc3 Ke7 17. Rb1 b6 18. Kf1 Nc6 19. Ke1 Rc8 20. Kd2
e5 21. Nxc6+ Rxc6 22. h4 Be6 23. Rb2 Rd6+ 24. Kc1 g6 25. Bd1 f5 26. exf5 gxf5
27. g3 Kf6 28. a4 e4 29. Rd2 Rc6 30. Kb2 Ke5 31. Bc2 Rc7 32. Rd8 Rd7 33. Re8 Kf6
34. Kc1 Bf7 35. Rc8 Be6 36. Rf8+ Ke7 37. Rh8 Kf6 38. Rf8+ Rf7 39. Rxf7+ Bxf7 40.
Kd2 Ke5 41. Ke3 Bd5 42. Bd1 a5 43. Bc2 h6 44. Bd1 Bf7 45. Bc2 Bc4 46. f3 exf3
47. Kxf3 b5 48. Ke3 bxa4 49. Bxa4 Bd5 50. Kd3 f4 1/2-1/2

[Event "TCh-TUR Super League 2015"]
[Site "Kocaeli TUR"]
[Date "2015.08.04"]
[Round "1.1"]
[Board "4"]
[White "Yilmazyerli, Mert"]
[Black "Caliskan, Kerem"]
[Result "1-0"]
[WhiteTitle "IM"]
[WhiteElo "2450"]
[BlackElo "1758"]
[WhiteTeam "Kayseri Seker Sports Club"]
[BlackTeam "Calli Sports Club"]
[WhiteFideId "6305962"]
[BlackFideId "6310699"]
[EventDate "2015.08.04"]

1. e4 e5 2. Bc4 Nf6 3. d3 Nc6 4. Nc3 d6 5. f4 Na5 6. Bb3 Nxb3 7. axb3 Be7 8. Nf3
Bg4 9. h3 Bxf3 10. Qxf3 Nd7 11. O-O O-O 12. Be3 exf4 13. Qxf4 Ne5 14. Nd5 b6 15.
Bd4 1-0

[Event "TCh-TUR Super League 2015"]
[Site "Kocaeli TUR"]
[Date "2015.08.04"]
[Round "1.1"]
[Board "5"]
[White "Mammadova, Gulnar"]
[Black "Atalik, Ekaterina"]
[Result "1/2-1/2"]
[WhiteTitle "WGM"]
[BlackTitle "IM"]
[WhiteElo "2313"]
[BlackElo "2382"]
[WhiteTeam "Calli Sports Club"]
[BlackTeam "Kayseri Seker Sports Club"]
[WhiteFideId "13403508"]
[BlackFideId "4130189"]
[EventDate "2015.08.04"]

1. e4 e5 2. Nf3 Nc6 3. Bb5 g6 4. O-O Bg7 5. c3 a6 6. Ba4 d6 7. h3 Nf6 8. Re1 O-O
9. d3 b5 10. Bc2 Bb7 11. a4 b4 12. Nbd2 a5 13. d4 bxc3 14. bxc3 exd4 15. Nxd4
Nd7 16. N2f3 Nde5 17. Rb1 Nxf3+ 18. Qxf3 Rb8 19. Nb5 Ba6 20. Bf4 Qd7 21. Qe3 Ne5
22. Bxe5 Bxe5 23. Qd2 Qc6 24. c4 Qc5 25. Qxa5 Bxb5 26. Rxb5 Qxc4 27. Bb3 Rxb5
28. Qxb5 Qxb5 29. axb5 Ra8 1/2-1/2

[Event "TCh-TUR Super League 2015"]
[Site "Kocaeli TUR"]
[Date "2015.08.04"]
[Round "1.1"]
[Board "6"]
[White "Yurtseven, Melih"]
[Black "Tasdogen, Dincer"]
[Result "1-0"]
[WhiteTitle "FM"]
[WhiteElo "2299"]
[BlackElo "1957"]
[WhiteTeam "Kayseri Seker Sports Club"]
[BlackTeam "Calli Sports Club"]
[WhiteFideId "6312160"]
[BlackFideId "6367097"]
[EventDate "2015.08.04"]

1. b3 e5 2. Bb2 Nc6 3. e3 d6 4. Nf3 Nf6 5. c4 g6 6. d4 exd4 7. exd4 d5 8. Ne5
Bg7 9. Nxc6 bxc6 10. Bd3 O-O 11. O-O Be6 12. Qc2 Qd7 13. Nd2 Nh5 14. Rfe1 Nf4
15. Bf1 Bf5 16. Qd1 c5 17. Nf3 Bg4 18. h3 Bxf3 19. Qxf3 g5 20. Rad1 Rad8 21. Ba1
cxd4 22. Bxd4 Bxd4 23. Rxd4 c5 24. Rdd1 d4 25. Re5 Ne6 26. Qf6 Qd6 27. Bd3 Ng7
28. Qxd6 Rxd6 29. Rxc5 Ne6 30. Ra5 a6 31. g3 Rb8 32. Rb1 Rc6 33. c5 1-0

[Event "TCh-TUR Super League 2015"]
[Site "Kocaeli TUR"]
[Date "2015.08.04"]
[Round "1.1"]
[Board "7"]
[White "Saba, Zafer Rabin"]
[Black "Ozen, Deniz"]
[Result "1/2-1/2"]
[BlackTitle "FM"]
[WhiteElo "1989"]
[BlackElo "2066"]
[WhiteTeam "Calli Sports Club"]
[BlackTeam "Kayseri Seker Sports Club"]
[WhiteFideId "6329500"]
[BlackFideId "6349196"]
[EventDate "2015.08.04"]

1. d4 d5 2. c4 e6 3. Nf3 Nf6 4. g3 Bb4+ 5. Bd2 Be7 6. Bg2 O-O 7. O-O c6 8. Qc2
Nbd7 9. Bf4 b6 10. Rd1 Ba6 11. b3 Rc8 12. a4 c5 13. Na3 cxd4 14. Nb5 dxc4 15.
Nfxd4 e5 16. Nc6 Rxc6 17. Bxc6 exf4 18. Qf5 fxg3 19. hxg3 g6 20. Qh3 Bc8 21.
bxc4 a6 22. Nc3 Qc7 23. Qg2 Ne5 24. Nd5 Nxd5 25. cxd5 Nxc6 1/2-1/2

[Event "TCh-TUR Super League 2015"]
[Site "Kocaeli TUR"]
[Date "2015.08.04"]
[Round "1.1"]
[Board "8"]
[White "Aksoy, Ayca"]
[Black "Uzun, Belemir"]
[Result "1-0"]
[WhiteElo "1758"]
[BlackElo "1682"]
[WhiteTeam "Kayseri Seker Sports Club"]
[BlackTeam "Calli Sports Club"]
[WhiteFideId "6355978"]
[BlackFideId "6365655"]
[EventDate "2015.08.04"]

1. d4 Nf6 2. Nf3 e6 3. c4 b6 4. a3 Bb7 5. Nc3 d5 6. cxd5 Nxd5 7. Qc2 Nxc3 8.
bxc3 c5 9. e3 Nd7 10. Be2 Be7 11. O-O O-O 12. Bb2 Qc7 13. Qb3 Rac8 14. Rac1 c4
15. Qa2 Qc6 16. Rfd1 f5 17. Ne1 Nf6 18. f3 Nd5 19. Nc2 Bg5 20. Kf2 a5 21. a4
Bh4+ 22. Kg1 Bg5 23. Kf2 Qc7 24. Rh1 Bh4+ 25. Kf1 Be7 26. Rd1 Rf6 27. Qa1 Rh6
28. Kg1 Bd6 29. h3 Be7 30. Bc1 Rg6 31. Bd2 Bh4 32. Be1 Bxe1 33. Rxe1 Qg3 34. Rh2
Qg5 35. Bf1 Nf6 36. Be2 Qg3 37. Rf1 Nd5 38. Re1 Ne7 39. Rf1 Rh6 40. Qa2 Qc7 41.
Na3 Ba6 42. Rb1 Nd5 43. Qd2 Qe7 44. Qc1 Qg5 45. Kf2 Rg6 46. Rb2 Rc6 47. Qd2 Qg3+
48. Kg1 e5 49. Rb1 e4 50. Rf1 Qg5 51. Nc2 Rce6 52. f4 Qg3 53. Kh1 Rh6 54. Bd1
Reg6 55. Rf2 Nf6 56. d5 Ng4 57. Bxg4 fxg4 58. f5 Rg5 59. Rf1 gxh3 60. gxh3 Rxh3
61. d6 h6 62. d7 Rxh2+ 63. Qxh2 Rh5 64. Qxh5 1-0

[Event "TCh-TUR Super League 2015"]
[Site "Kocaeli TUR"]
[Date "2015.08.04"]
[Round "1.2"]
[Board "1"]
[White "Morchiashvili, Bachana"]
[Black "Safarli, Eltaj"]
[Result "0-1"]
[WhiteTitle "IM"]
[BlackTitle "GM"]
[WhiteElo "2318"]
[BlackElo "2644"]
[WhiteTeam "Pamukkale Yonetimi Bilisim Sistemleri Zeka"]
[BlackTeam "Besiktas Jimnastik Kulubu"]
[WhiteFideId "13602535"]
[BlackFideId "13402129"]
[EventDate "2015.08.04"]

1. d4 Nf6 2. c4 g6 3. Nf3 Bg7 4. g3 d5 5. cxd5 Nxd5 6. Bg2 O-O 7. O-O c5 8. Nc3
Nxc3 9. bxc3 Nc6 10. e3 Be6 11. Qe2 Qa5 12. Ng5 Bf5 13. Bd2 Qa4 14. Rfd1 Rfd8
15. Be1 h6 16. Ne4 b6 17. g4 Be6 18. d5 Bxd5 19. Nxc5 bxc5 20. Bxd5 e6 21. Qc4
Qxc4 22. Bxc4 Ne5 23. Be2 c4 24. Rd4 Rdc8 25. Rb1 Nd3 0-1

[Event "TCh-TUR Super League 2015"]
[Site "Kocaeli TUR"]
[Date "2015.08.04"]
[Round "1.2"]
[Board "2"]
[White "Solak, Dragan"]
[Black "Yurtsever, Senel"]
[Result "1-0"]
[WhiteTitle "GM"]
[WhiteElo "2622"]
[BlackElo "1843"]
[WhiteTeam "Besiktas Jimnastik Kulubu"]
[BlackTeam "Pamukkale Yonetimi Bilisim Sistemleri Zeka"]
[WhiteFideId "916811"]
[BlackFideId "6390005"]
[EventDate "2015.08.04"]

1. e4 c6 2. d4 d5 3. e5 Bf5 4. Nd2 e6 5. Nb3 c5 6. dxc5 Bxc5 7. Bb5+ Nc6 8. a4
Qb6 9. Nxc5 Qxc5 10. c3 Qb6 11. Nf3 Ne7 12. Be3 Qc7 13. Bc5 a6 14. Bd6 Qb6 15.
Bxc6+ bxc6 16. b4 Bg4 17. Bxe7 Kxe7 18. Qd4 Qxd4 19. Nxd4 Rhc8 20. Kd2 Bf5 21.
Nb3 g5 22. a5 f6 23. Rae1 fxe5 24. Rxe5 Kf6 25. Re3 e5 26. h3 Re8 27. g4 Bg6 28.
Nc5 Ra7 29. Rhe1 h6 30. Ke2 Ree7 31. Kf1 Ra8 32. Rxe5 Rxe5 33. Nd7+ Ke6 34. Nxe5
Be8 35. Nxc6+ Kd6 36. Nd4 Bd7 37. Kg2 Rf8 38. Re3 Rf4 39. Rf3 Ke5 40. Re3+ Kd6
41. f3 Rf8 42. Kg3 Rf4 43. h4 Rf8 44. h5 Rf4 45. Nb3 Bb5 46. Kf2 Rf8 47. Nd4 Bd7
48. Ke2 Rf6 49. Kd2 Rf4 50. Re1 Rf8 51. Rb1 Ra8 52. Kd3 Rf8 53. Re1 Rf4 54. Kc2
Rf8 55. Kb3 Rf6 56. Ka3 Bb5 57. Nf5+ Kd7 58. Re7+ Kc8 59. Nd4 Kd8 60. Re6 Rxe6
61. Nxe6+ Ke7 62. Nd4 Bd3 63. b5 axb5 64. Kb4 Kd7 65. Kc5 Bc4 66. Kb6 1-0

[Event "TCh-TUR Super League 2015"]
[Site "Kocaeli TUR"]
[Date "2015.08.04"]
[Round "1.2"]
[Board "3"]
[White "Oz, Ozan"]
[Black "Arat, Ufuk Sezen"]
[Result "0-1"]
[BlackTitle "FM"]
[WhiteElo "1807"]
[BlackElo "2409"]
[WhiteTeam "Pamukkale Yonetimi Bilisim Sistemleri Zeka"]
[BlackTeam "Besiktas Jimnastik Kulubu"]
[WhiteFideId "6349188"]
[BlackFideId "6309089"]
[EventDate "2015.08.04"]

1. d4 Nf6 2. Nc3 c5 3. Nf3 cxd4 4. Nxd4 d5 5. Bg5 Nc6 6. e3 e6 7. Bd3 Be7 8. O-O
O-O 9. f4 Qb6 10. Nce2 Qxb2 11. c3 Qa3 12. Ng3 Qxc3 13. Rc1 Qa5 14. Rxc6 bxc6
15. Nxc6 Qc5 16. Nxe7+ Qxe7 17. Nh5 e5 18. fxe5 Qxe5 19. Nxf6+ gxf6 20. Bf4 Qc3
21. Qh5 Qxd3 0-1

[Event "TCh-TUR Super League 2015"]
[Site "Kocaeli TUR"]
[Date "2015.08.04"]
[Round "1.2"]
[Board "6"]
[White "Gokerkan, Cem Kaan"]
[Black "Komut, Kaan"]
[Result "1-0"]
[WhiteElo "2205"]
[BlackElo "1919"]
[WhiteTeam "Besiktas Jimnastik Kulubu"]
[BlackTeam "Pamukkale Yonetimi Bilisim Sistemleri Zeka"]
[WhiteFideId "6336760"]
[BlackFideId "6309992"]
[EventDate "2015.08.04"]

1. e4 c5 2. c3 d6 3. d4 cxd4 4. cxd4 Nf6 5. Nc3 g6 6. Nf3 Bg7 7. Be2 O-O 8. O-O
Nc6 9. h3 Nd7 10. Be3 e5 11. Qd2 Qe7 12. Nd5 Qd8 13. Rac1 Nb6 14. Nxb6 axb6 15.
a3 exd4 16. Nxd4 Na5 17. Bh6 Bxh6 18. Qxh6 Qf6 19. Rfd1 Bd7 20. b4 Nc6 21. Nb5
Qe5 22. Qe3 Ne7 23. Nxd6 Ba4 24. Nc4 Qg7 25. Rd6 Rfe8 1-0

[Event "TCh-TUR Super League 2015"]
[Site "Kocaeli TUR"]
[Date "2015.08.04"]
[Round "1.2"]
[Board "8"]
[White "Arda, Cagil Irmak"]
[Black "Celik, Eda"]
[Result "1-0"]
[WhiteTitle "WCM"]
[WhiteElo "1915"]
[BlackElo "1656"]
[WhiteTeam "Besiktas Jimnastik Kulubu"]
[BlackTeam "Pamukkale Yonetimi Bilisim Sistemleri Zeka"]
[WhiteFideId "6351700"]
[BlackFideId "6351727"]
[EventDate "2015.08.04"]

1. Nf3 Nf6 2. g3 g6 3. b3 Bg7 4. Bb2 O-O 5. Bg2 d6 6. d4 Nbd7 7. c4 e5 8. Nc3
Re8 9. O-O exd4 10. Nxd4 Nc5 11. b4 Ncd7 12. Nd5 Nxd5 13. cxd5 Nf6 14. Rc1 Bd7
15. Re1 a5 16. b5 Ne4 17. Qc2 Nc5 18. Nb3 Bf5 19. Qd2 Nxb3 20. axb3 Bxb2 21.
Qxb2 Re5 22. e4 Bd7 23. f4 Re8 24. Bf1 f5 25. e5 1-0

[Event "TCh-TUR Super League 2015"]
[Site "Kocaeli TUR"]
[Date "2015.08.04"]
[Round "1.3"]
[Board "2"]
[White "Severcan, Sedat Sabri"]
[Black "Ipatov, Alexander"]
[Result "0-1"]
[BlackTitle "GM"]
[WhiteElo "1819"]
[BlackElo "2621"]
[WhiteTeam "Ankara Demirspor Kulubu"]
[BlackTeam "Istanbul Technical University Sports Club"]
[WhiteFideId "6351395"]
[BlackFideId "14116731"]
[EventDate "2015.08.04"]

1. d4 b6 2. c4 e6 3. Nf3 Bb7 4. g3 Nf6 5. Bg2 g6 6. O-O Bg7 7. Nc3 Ne4 8. Nxe4
Bxe4 9. Ng5 Bxg2 10. Kxg2 O-O 11. e4 Nc6 12. d5 Nd4 13. Be3 c5 14. Rb1 Re8 15.
Nf3 exd5 16. exd5 Nf5 17. Bf4 h6 18. Qd3 Qf6 19. h3 g5 20. Be3 Qg6 21. Rfd1 Re4
22. b4 Rae8 23. bxc5 Rxe3 24. fxe3 Rxe3 25. Qf1 g4 26. hxg4 Qxg4 27. Rb3 Rxb3 0-1

[Event "TCh-TUR Super League 2015"]
[Site "Kocaeli TUR"]
[Date "2015.08.04"]
[Round "1.3"]
[Board "3"]
[White "Can, Emre"]
[Black "Arig, Busra"]
[Result "1-0"]
[WhiteTitle "GM"]
[WhiteElo "2547"]
[BlackElo "1783"]
[WhiteTeam "Istanbul Technical University Sports Club"]
[BlackTeam "Ankara Demirspor Kulubu"]
[WhiteFideId "6302181"]
[BlackFideId "6309356"]
[EventDate "2015.08.04"]

1. d4 f5 2. Nf3 Nf6 3. g3 b6 4. Bg2 Bb7 5. c4 e6 6. O-O Be7 7. Nc3 O-O 8. d5
exd5 9. cxd5 Na6 10. Nd4 Ne8 11. a3 Nc5 12. b4 Ne4 13. Nxe4 fxe4 14. Bxe4 Nf6
15. Bg2 Bd6 16. e4 Qe8 17. Re1 Be5 18. f4 Bxd4+ 19. Qxd4 Bxd5 20. Bb2 Bc6 21. b5
Bxb5 22. e5 c5 23. Qd1 1-0

[Event "TCh-TUR Super League 2015"]
[Site "Kocaeli TUR"]
[Date "2015.08.04"]
[Round "1.3"]
[Board "5"]
[White "Asan, Elvan"]
[Black "Gyokbulut, Julia"]
[Result "0-1"]
[BlackTitle "WFM"]
[WhiteElo "1810"]
[BlackElo "1975"]
[WhiteTeam "Istanbul Technical University Sports Club"]
[BlackTeam "Ankara Demirspor Kulubu"]
[WhiteFideId "6312209"]
[BlackFideId "4153979"]
[EventDate "2015.08.04"]

1. e4 c5 2. Nf3 e6 3. d3 Nc6 4. g3 g6 5. Bg2 Bg7 6. O-O Nge7 7. Nbd2 O-O 8. Re1
d6 9. c3 Rb8 10. Nf1 b5 11. Be3 b4 12. Qd2 bxc3 13. bxc3 Qa5 14. Rac1 Ba6 15.
Bh6 Ne5 16. Bxg7 Kxg7 17. Nxe5 dxe5 18. h4 f6 19. g4 Rbd8 20. Re3 c4 21. Ng3
Rxd3 22. Rxd3 cxd3 23. Bf1 Qc5 24. Rd1 Rd8 25. h5 g5 26. h6+ Kf7 27. Kh1 Ng6 28.
f3 Nh4 29. Bg2 Rc8 30. Rc1 Rb8 31. Nf1 Qb6 32. Ne3 Qb2 33. Rd1 Qxd2 34. Rxd2
Rb1+ 35. Nd1 Bc4 36. Kh2 Rc1 37. Nb2 Rxc3 38. Nxc4 Rxc4 39. Kg3 Rc2 0-1

[Event "TCh-TUR Super League 2015"]
[Site "Kocaeli TUR"]
[Date "2015.08.04"]
[Round "1.3"]
[Board "6"]
[White "Yaver, Faik Emre"]
[Black "Bortnyk, Olexandr"]
[Result "1/2-1/2"]
[BlackTitle "IM"]
[WhiteElo "2006"]
[BlackElo "2553"]
[WhiteTeam "Ankara Demirspor Kulubu"]
[BlackTeam "Istanbul Technical University Sports Club"]
[WhiteFideId "6329969"]
[BlackFideId "14120828"]
[EventDate "2015.08.04"]

1. e4 c5 2. Nf3 Nc6 3. Bb5 g6 4. O-O Bg7 5. c3 Nf6 6. Re1 O-O 7. d4 cxd4 8. cxd4
d5 9. e5 Ne4 10. Nc3 Nxc3 11. bxc3 Qa5 12. Qa4 Qxa4 13. Bxa4 Bf5 14. Bg5 Rfc8
15. h3 e6 16. g4 Bd3 17. Re3 Ba6 18. Rb1 Bf8 19. Bb5 Bxb5 20. Rxb5 b6 21. Rd3
Na5 22. h4 Rc4 23. h5 Rac8 24. hxg6 hxg6 25. Kg2 Ra4 26. Bf6 Ra3 27. Rb1 Bg7 28.
Ng5 Bxf6 29. exf6 Rcxc3 30. Rxc3 Rxc3 31. Rh1 Nc4 32. Rh7 Nd6 33. Rg7+ Kf8 34.
Rh7 Ke8 35. Rh8+ Kd7 36. Rh7 Ke8 37. Rh8+ Kd7 38. Rh7 Ke8 39. Rh8+ Kd7 40. Rh7
Ke8 1/2-1/2

[Event "TCh-TUR Super League 2015"]
[Site "Kocaeli TUR"]
[Date "2015.08.04"]
[Round "1.3"]
[Board "7"]
[White "Tarlabasi, Emirhan"]
[Black "Karaahmetoglu, Ege"]
[Result "1-0"]
[WhiteElo "2004"]
[BlackElo "2032"]
[WhiteTeam "Istanbul Technical University Sports Club"]
[BlackTeam "Ankara Demirspor Kulubu"]
[WhiteFideId "6350275"]
[BlackFideId "6361145"]
[EventDate "2015.08.04"]

1. d4 f5 2. c4 Nf6 3. g3 g6 4. Bg2 Bg7 5. Nc3 O-O 6. Nf3 d6 7. Qc2 Qe8 8. d5 Na6
9. O-O Bd7 10. Rb1 c6 11. Be3 e5 12. dxe6 Bxe6 13. Bf4 Rd8 14. Rbd1 d5 15. cxd5
Nxd5 16. Nxd5 Bxd5 17. Ng5 Nb4 18. Qc5 Bxg2 19. Kxg2 Nd5 20. Qc4 h6 21. Nf3 Qf7
22. Qc1 Rfe8 23. Bxh6 Rxe2 24. Bxg7 Qxg7 25. Rfe1 Qxb2 26. Rxe2 Qxe2 27. Re1
Qxa2 28. Qh6 Qb2 29. Re6 Rf8 30. Rxg6+ Kf7 31. Ng5+ Ke8 32. Re6+ Ne7 33. Nh7 Rh8
34. Qg6+ Kd8 35. Qf7 Qb4 36. Qg7 Rg8 37. Qf6 Rg6 38. Qf8+ Kd7 39. Rxg6 Qe4+ 40.
Kh3 Nxg6 41. Qf7+ Kd6 42. Qxg6+ Kc5 43. Ng5 Qd3 44. Ne6+ Kb6 45. Qg7 a5 46. Qc7+
Ka7 47. Qxa5+ Kb8 48. Qe5+ Ka7 49. Qa5+ Kb8 50. Qc7+ Ka7 51. Qxb7+ 1-0

[Event "TCh-TUR Super League 2015"]
[Site "Kocaeli TUR"]
[Date "2015.08.04"]
[Round "1.3"]
[Board "8"]
[White "Sahin, Hayrun Nisa"]
[Black "Hereklioglu, Sude"]
[Result "0-1"]
[BlackTitle "WCM"]
[WhiteElo "1648"]
[BlackElo "1796"]
[WhiteTeam "Ankara Demirspor Kulubu"]
[BlackTeam "Istanbul Technical University Sports Club"]
[WhiteFideId "6380875"]
[BlackFideId "6359531"]
[EventDate "2015.08.04"]

1. c4 e6 2. Nc3 b6 3. e3 Bb7 4. Nge2 f5 5. d4 Nf6 6. a3 Be7 7. b4 O-O 8. Nf4 g5
9. Nd3 Ne4 10. Bb2 d5 11. c5 Ba6 12. Ne5 Bxf1 13. Kxf1 bxc5 14. dxc5 Bf6 15. Ne2
Nd7 16. Nc6 Qe8 17. Ncd4 Bg7 18. f3 Nef6 19. Nb5 Ng4 20. fxg4 fxg4+ 21. Ke1 Bxb2
22. Nxc7 Qf7 23. Ra2 Ne5 24. Nf4 Bc3+ 25. Ke2 gxf4 26. Nb5 fxe3 27. Rf1 Qxf1+
28. Qxf1 Rxf1 29. Kxf1 Rf8+ 30. Kg1 d4 31. Re2 Nc4 32. c6 d3 33. Ra2 e2 0-1

[Event "TCh-TUR Super League 2015"]
[Site "Kocaeli TUR"]
[Date "2015.08.04"]
[Round "1.4"]
[Board "1"]
[White "Cheparinov, Ivan"]
[Black "Kuzubov, Yuriy"]
[Result "1/2-1/2"]
[WhiteTitle "GM"]
[BlackTitle "GM"]
[WhiteElo "2690"]
[BlackElo "2638"]
[WhiteTeam "Turk Hava Yollari (Thy) Sports Club"]
[BlackTeam "Tarsus Zeka Satranc Kulubu"]
[WhiteFideId "2905540"]
[BlackFideId "14112906"]
[EventDate "2015.08.04"]

1. d4 g6 2. c4 Bg7 3. Nf3 d6 4. Nc3 c5 5. d5 Bxc3+ 6. bxc3 f5 7. h4 Nf6 8. h5
Nxh5 9. Rxh5 gxh5 10. e4 fxe4 11. Ng5 Bg4 12. Qc2 e5 13. Qxe4 Nd7 14. Nxh7 Rg8
15. f3 Qh4+ 16. Ke2 O-O-O 17. Be3 Rg7 18. fxg4 hxg4 19. Ng5 Rxg5 20. Bxg5 Qxg5
21. Qe3 Qh4 22. Kd2 Rf8 23. Be2 g3 24. Rf1 Rxf1 25. Bxf1 e4 26. Be2 Ne5 27. Kc2
Ng6 28. Kd2 Kd7 29. Bd3 exd3 30. Qe6+ Kc7 31. Qxg6 Qxc4 32. Qf7+ Kb6 33. Qe6
Qf4+ 34. Kxd3 c4+ 35. Kc2 a6 36. Kb2 Qe5 37. Qg4 Qxd5 38. Qxg3 Qd2+ 39. Kb1 Qd1+
40. Kb2 Qd2+ 41. Kb1 Ka5 42. Qg7 b5 43. g4 Qe1+ 44. Kb2 Qf2+ 45. Kb1 Ka4 46. Qg6
Qe1+ 47. Kb2 b4 48. Qc2+ Kb5 49. Qf5+ Kb6 50. cxb4 Qd2+ 51. Ka3 Qc1+ 52. Ka4
Qd1+ 53. Ka3 c3 54. Qg5 Kc6 55. Qg8 c2 56. Qa8+ Kd7 57. Qb7+ Kd8 58. Qa8+ Ke7
59. Qe4+ Kf8 60. Qf5+ Ke7 61. Qe4+ Kd8 62. Qa8+ Kc7 63. Qa7+ Kc6 64. Qa8+ Kb5
65. Qb7+ Kc4 66. Qc6+ Kd3 67. Qxd6+ Ke4 68. Qe6+ Kf4 69. Qf5+ Kg3 70. Qe5+ Kh3
71. Qe3+ Kh2 72. Qe5+ Kh1 73. Qe4+ Kg1 74. Qe3+ Kf1 75. Qf4+ Ke1 76. Qe3+ Kf1
77. Qf4+ Kg2 78. Qe4+ Kg3 79. Qe3+ Kxg4 80. Qe4+ Kg3 81. Qe3+ Kg2 82. Qe4+ Kf2
83. Qf4+ Ke2 84. Qe4+ Kf1 85. Qf4+ Ke2 86. Qe4+ Kf2 87. Qf4+ Ke2 88. Qe4+ Kf2 1/2-1/2

[Event "TCh-TUR Super League 2015"]
[Site "Kocaeli TUR"]
[Date "2015.08.04"]
[Round "1.4"]
[Board "2"]
[White "Mchedlishvili, Mikheil"]
[Black "Salgado Lopez, Ivan"]
[Result "1/2-1/2"]
[WhiteTitle "GM"]
[BlackTitle "GM"]
[WhiteElo "2605"]
[BlackElo "2615"]
[WhiteTeam "Tarsus Zeka Satranc Kulubu"]
[BlackTeam "Turk Hava Yollari (Thy) Sports Club"]
[WhiteFideId "13600966"]
[BlackFideId "2257327"]
[EventDate "2015.08.04"]

1. c4 c5 2. Nf3 Nc6 3. Nc3 g6 4. g3 Bg7 5. Bg2 d6 6. O-O Bf5 7. b3 Qd7 8. Bb2 h5
9. h4 Nh6 10. Ng5 O-O 11. d3 a6 12. Qd2 Rab8 13. Nd5 b5 14. Bxg7 Kxg7 15. Ne3
Rfc8 16. Nxf5+ Nxf5 17. Bh3 e6 18. Qb2+ f6 19. Ne4 Qe7 20. e3 bxc4 21. dxc4 Ne5
22. Qe2 Nh6 23. Rad1 Nef7 24. Qb2 Rb6 25. Bg2 Ng4 26. Nc3 Kh7 27. Rfe1 Rg8 28.
Qc2 Kh8 29. Qb2 Kh7 30. Qc2 Kh8 31. Qb2 1/2-1/2

[Event "TCh-TUR Super League 2015"]
[Site "Kocaeli TUR"]
[Date "2015.08.04"]
[Round "1.4"]
[Board "3"]
[White "Dastan, Muhammed Batuhan"]
[Black "Yurtseven, Ahmet Can"]
[Result "1-0"]
[WhiteTitle "IM"]
[BlackTitle "FM"]
[WhiteElo "2448"]
[BlackElo "2291"]
[WhiteTeam "Turk Hava Yollari (Thy) Sports Club"]
[BlackTeam "Tarsus Zeka Satranc Kulubu"]
[WhiteFideId "6300014"]
[BlackFideId "6300081"]
[EventDate "2015.08.04"]

1. e4 Nf6 2. e5 Nd5 3. d4 d6 4. c4 Nb6 5. f4 dxe5 6. fxe5 Nc6 7. Be3 Bf5 8. Nc3
e6 9. Nf3 Be7 10. d5 exd5 11. cxd5 Nb4 12. Nd4 Bg6 13. Bb5+ c6 14. dxc6 O-O 15.
cxb7 Rb8 16. a3 N4d5 17. Nc6 Nxe3 18. Qxd8 Nc2+ 19. Ke2 Bxd8 20. Nxb8 Bh5+ 21.
Kf2 Bh4+ 22. g3 Rxb8 23. Rac1 Nd4 24. gxh4 Rxb7 25. Be2 Nxe2 26. Nxe2 Bxe2 27.
Kxe2 Re7 28. Rc5 f6 29. Kd3 fxe5 30. Re1 Na4 31. Rcxe5 Nxb2+ 32. Kc2 Rxe5 33.
Rxe5 Nc4 34. Rc5 1-0

[Event "TCh-TUR Super League 2015"]
[Site "Kocaeli TUR"]
[Date "2015.08.04"]
[Round "1.4"]
[Board "4"]
[White "Keler, Faruk"]
[Black "Kerigan, Demre"]
[Result "1/2-1/2"]
[BlackTitle "IM"]
[WhiteElo "2286"]
[BlackElo "2406"]
[WhiteTeam "Tarsus Zeka Satranc Kulubu"]
[BlackTeam "Turk Hava Yollari (Thy) Sports Club"]
[WhiteFideId "6302734"]
[BlackFideId "6307841"]
[EventDate "2015.08.04"]

1. e4 e5 2. Nf3 Nc6 3. Nc3 Nf6 4. d4 exd4 5. Nxd4 Bb4 6. Nxc6 bxc6 7. Bd3 O-O 8.
O-O Re8 9. Bg5 Rb8 10. f4 h6 11. Bh4 Be7 12. b3 d5 13. e5 Ng4 14. Bxe7 Qxe7 15.
Qd2 Qc5+ 16. Kh1 Qe3 17. Qe1 d4 18. Na4 Qxe1 19. Rfxe1 g5 20. g3 Be6 21. Nc5
Bd5+ 22. Kg1 gxf4 23. gxf4 Kh8 24. h3 Ne3 25. Kh2 Rg8 26. Rg1 Ng2 27. Raf1 Nh4
28. Be4 Rxg1 29. Kxg1 Rg8+ 30. Kh1 Nf5 31. Kh2 Ne3 32. Rf2 Nd1 33. Rd2 Ne3 34.
Rf2 Nd1 35. Rd2 Ne3 36. Rf2 1/2-1/2